000
00290nam a22001337a 4500
008
170127b xxu||||| |||| 00| 0 eng d
020
_a
bk15869706
041
_a
eng
080
_2
5TH
_a
61
100
_a
3
101
_a
SHM
245
_a
HEALTH PROFESSIONS
_c
STANFIELD, P.S
942
_2
udc
_c
BK
999
_c
3898
_d
3898